000 00875nam a22003017a 4500
003 CHAP
005 20220329143531.0
008 100416s1999 us r 00110 eng d
010 _a98151
011 _a99123
020 _a0387984801
035 _a109808
040 _cCHAP
082 0 4 _a515
_bB45
100 1 _aBerberian, Sterling K.
_911726
245 1 0 _aFundementals of real analysis
_c/por Sterling K. Berberian
260 _aNew York :
_bSpringer,
_cc1999
300 _axi, 479 p. :
490 0 _aUniversitext
590 _aBATCH-UPD
_b10
_c20130110
_lUCH01
_h1825
590 _aBATCH-UPD
_b10
_c20130410
_lUCH01
_h1158
590 _aCONVERSION
_b10
_c20130109
_lUCH01
_h1354
650 0 4 _aAnalisis matematico.
_95988
830 0 _aUniversitext
_9116676
901 _aBK
942 _cLIBRO
949 _a515 B45
_bBC
_cLIBRO
_d33724002170082
_eLIBRO
_h112508
_i109808
_sb
999 _c98151
_d98151